Economía de la empresa (Registro nro. 6936)
[ vista simple ]
| 000 -LEADER | |
|---|---|
| fixed length control field | 01187 a2200241 4500 |
| 001 - CONTROL NUMBER | |
| control field | 60367 |
| 005 - DATE AND TIME OF LATEST TRANSACTION | |
| control field | 20260407155854.0 |
| 008 - FIXED-LENGTH DATA ELEMENTS--GENERAL INFORMATION | |
| fixed length control field | 260407a1990 arg spa d |
| 003 - CONTROL NUMBER IDENTIFIER | |
| control field | AR-UNSa-BCEJYS |
| 040 ## - CATALOGING SOURCE | |
| Original cataloging agency | AR-UNSa-BCEJYS |
| Language of cataloging | spa |
| Transcribing agency | AR-UNSa-BCEJYS |
| 080 ## - UNIVERSAL DECIMAL CLASSIFICATION NUMBER | |
| Universal Decimal Classification number | 658.012.4 |
| Common auxiliary subdivision | Gestión. Dirección. Autoridad. Técnicas y métodos de gestión (gestión del conocimiento, Outsourcing, Benchmarking...) |
| 020 ## - INTERNATIONAL STANDARD BOOK NUMBER | |
| International Standard Book Number | 978-84-234-0931-0 |
| 041 ## - LANGUAGE CODE | |
| Language code of text/sound track or separate title | spa |
| 100 1# - MAIN ENTRY--PERSONAL NAME | |
| Personal name | Gutenberg, Erich |
| 245 10 - TITLE STATEMENT | |
| Title | Economía de la empresa |
| Name of part/section of a work | Teoría y práctica de la gestión empresarial |
| 250 ## - EDITION STATEMENT | |
| Edition statement | 5a. ed. |
| 264 #1 - PRODUCTION, PUBLICATION, DISTRIBUTION, MANUFACTURE, AND COPYRIGHT NOTICE | |
| Place of production, publication, distribution, manufacture | Bilbao : |
| Name of producer, publisher, distributor, manufacturer | Ediciones Deusto |
| Date of production, publication, distribution, manufacture, or copyright notice | 1990 |
| 300 ## - PHYSICAL DESCRIPTION | |
| Extent | 245 p. |
| Dimensions | 23 cm. |
| 505 ## - FORMATTED CONTENTS NOTE | |
| Formatted contents note | 1. Empresa y orden económico - 2. Objeto e historia de la economía de la empresa – 3. Conceptos y fundamentos de la Economía de la empresa – 4. La dirección de la empresa – 5. La actividad productiva de la empresa – 6. La actividad de ventas en la empresa – 7. La actividad financiera de la empresa – 8. La contabilidad como instrumento de control de la actividad de la empresa - |
| 590 ## - LOCAL NOTE (RLIN) | |
| Local note | niveau_biblio:m niveau_hierar:0 |
| 700 1# - ADDED ENTRY--PERSONAL NAME | |
| Personal name | García Echevarria, Santiago |
| 942 ## - ADDED ENTRY ELEMENTS (KOHA) | |
| Koha item type | |
| Withdrawn status | Lost status | Damaged status | Not for loan | Home library | Current library | Shelving location | Date acquired | Total checkouts | Full call number | Barcode | Date last seen | Price effective from | Koha item type |
|---|---|---|---|---|---|---|---|---|---|---|---|---|---|
| Biblioteca Prof. Eusebio Cleto del Rey | Biblioteca Prof. Eusebio Cleto del Rey | 07/04/2026 | 658.012.4 G983 5ed. | L129119 | 07/04/2026 | 07/04/2026 | Libro |